| 000 | 00456nam a2200097Ia 4500 | ||
|---|---|---|---|
| 008 | 180130s9999 xx 000 0 und d | ||
| 245 |
_cFuchs, Karl-Peter; Herrmann, Dominik; Micheloni, Andrea; Federrath, Hannes _aLaribus: privacy-preserving detection of fake SSL certificates with a social P2P notary network |
||
| 260 | _c2016 | ||
| 300 | _aBook title: Handbook of information security--Acession number C20533; pages 156-172 | ||
| 650 | _aINFORMATION SECURITY | ||
| 999 |
_c354098 _d354098 |
||